000
00298nam a2200133Ia 4500
100
_a
Priel/V.Z
942
_c
BK
654
_a
Organisation
245
_a
Systematic Maintenance Organisation
260
_b
Macdonald & Evans Ltd
_a
London
_c
1974
082
_a
658
300
_a
274
546
_a
ENGLISH
999
_c
28672
_d
28672